ARRUPE JESUIT UNIVERSITY

CORONAVIRUS -STOP THE SPREAD - CLEAN,DISINFECT,COVER

Kant and the experience of freedom (Record no. 123865)

MARC details
000 -LEADER
fixed length control field 00602nam a22001817a 4500
008 - FIXED-LENGTH DATA ELEMENTS--GENERAL INFORMATION
fixed length control field 151208b xxu||||| |||| 00| 0 eng d
020 ## - INTERNATIONAL STANDARD BOOK NUMBER
International Standard Book Number 9780521568333
050 ## - LIBRARY OF CONGRESS CALL NUMBER
Classification number B2799.A4 G86 1993
100 ## - MAIN ENTRY--PERSONAL NAME
Personal name Guyer, Paul
9 (RLIN) 1326
245 ## - TITLE STATEMENT
Title Kant and the experience of freedom
Remainder of title essays on aesthetics and morality
Statement of responsibility, etc Paul Guyer
260 ## - PUBLICATION, DISTRIBUTION, ETC. (IMPRINT)
Place of publication, distribution, etc Cambridge
Name of publisher, distributor, etc Cambridge University Press
Date of publication, distribution, etc 1993
300 ## - PHYSICAL DESCRIPTION
Extent xv, 449p. ;
Dimensions 23cm.
600 ## - SUBJECT ADDED ENTRY--PERSONAL NAME
Personal name Kant, Immanuel
General subdivision Aesthetics
9 (RLIN) 21290
600 ## - SUBJECT ADDED ENTRY--PERSONAL NAME
Personal name Kant, Immanuel
9 (RLIN) 21291
650 ## - SUBJECT ADDED ENTRY--TOPICAL TERM
Topical term or geographic name as entry element Ethics
9 (RLIN) 21292
650 ## - SUBJECT ADDED ENTRY--TOPICAL TERM
Topical term or geographic name as entry element Free will and determination
9 (RLIN) 21293
942 ## - ADDED ENTRY ELEMENTS (KOHA)
Source of classification or shelving scheme Library of Congress Classification
Item type Monograph ( Printed materials)
Holdings
Withdrawn status Lost status Source of classification or shelving scheme Damaged status Not for loan Collection code Home library Current library Shelving location Date acquired Total Checkouts Full call number Barcode Date last seen Date last borrowed Price effective from Koha item type
    Library of Congress Classification     Main Collection ARRUPE LIBRARY ARRUPE LIBRARY Main Collection 08/12/2015 2 B2799.A4 G86 1993 46500005829 28/02/2017 17/02/2017 08/12/2015 Monograph ( Printed materials)

 

Arrupe Library. PO Box MP320 Mt Pleasant, Harare, Zimbabwe
263 242 745411|librarian@aju.ac.zw